01518 2200421 4500001002100000005001500021035002000036007000300056008004100059020002200100040002200122082001500144084001700159100002800176245015100204250002600355650001600381650003800397700003100435700003000466700002800496700003500524700003100559700003000590850001200620504003000632264003500662336002100697337002300718338003800741300003200779538007600811856007600887852002000963500006900983990002201052990002201074INLIS00000000086202020210709113723 a0010-0721000255ta210705s2013 jkia gs ind d a978-979-661-230-7 aYOPDYOGbinderda04223a728.98 a728.98 BUD t0 aBudi Permanaepengarang10a75 desain kamar mandi favorit /cBudi Permana, Allan Ali Imron, Wirania Swasty, Kiki Sakinah, Ardiles Septuaginta, Hengky Pramudya, Dany Indradi S aCetakan pertama, 2013 4aKamar mandi 4aRuangan--xDesain dan perencanaan0 aAllan Ali Imronepengarang0 aWirania Swastyepengarang0 aKiki Sakinahepengarang0 aArdiles Septuagintaepengarang aHengky Pramudyaepengarang aDany Indradi Sepengarang aYOPDYOG aBibliografi : halaman 16231aJakarta :bGriya Kreasi,c2013 2rdacontentateks  komputer2rdamedia 2rdacarrierasumber sambung jaring a1 berkas komputer (12,2 MB) aAndroid : versi 4.0 atau di atasnya, memori 1 GB, layar tampilan 4-inch40nPerpustakaan Digital iJogjauhttp://ijogja.id /publications/books/125038 aaplikasi iJogja aUntuk mengakses buku ini silakan unduh aplikasi http://ijogja.id a000209-EPD/B.2016 a000210-EPD/B.2016